[Event "World Rapid 2017"]
[Site "Riyadh KSA"]
[Date "2017.12.27"]
[Round "7.29"]
[White "Salem, A.R. Saleh"]
[Black "Inarkiev, Ernesto"]
[Result "1-0"]
[WhiteTitle "GM"]
[BlackTitle "GM"]
[WhiteElo "2638"]
[BlackElo "2689"]
[WhiteFideId "9301348"]
[BlackFideId "4162722"]
[EventDate "2017.12.26"]

1. d4 Nf6 2. c4 e6 3. Nf3 d5 4. Nc3 Bb4 5. g3 O-O 6. Bg2 dxc4 7. O-O Nc6 8. a3
Bxc3 9. bxc3 Rb8 10. Bg5 h6 11. Bh4 g5 12. Nxg5 hxg5 13. Bxg5 Kg7 14. e4 Ne7 15.
f4 Nh7 16. Qh5 f6 17. Bh6+ Kh8 18. Bxf8 Qxf8 19. Qc5 Nc6 20. Qxc4 Qe7 21. e5 f5
22. Rfb1 Nd8 23. a4 a5 24. Qd3 Bd7 25. c4 Nc6 26. Kh1 Nb4 27. Qd2 Bc6 28. Bxc6
bxc6 29. Rd1 Rd8 30. Qg2 Nf8 31. g4 fxg4 32. Qxg4 Nh7 33. Rd2 Rg8 34. Qf3 Qg7
35. Rf1 Qh6 36. Re2 Qh4 37. Rg1 Rxg1+ 38. Kxg1 Qd8 39. Rd2 c5 40. d5 exd5 41.
cxd5 c4 42. e6 Qf6 43. Qe4 c3 44. e7 cxd2 45. e8=Q+ Nf8 46. Qh5+ Kg8 47. Qg2+
Qg7 48. Qxg7+ Kxg7 49. Qe5+ Kf7 50. Qd4 Nd7 51. Qxd2 Nf6 52. d6 Ne4 53. dxc7
Nxd2 54. c8=Q Kg6 55. Qe8+ 1-0

[Event "World Rapid 2017"]
[Site "Riyadh KSA"]
[Date "2017.12.27"]
[Round "7.30"]
[White "Kryvoruchko, Yuriy"]
[Black "Georgiev, Kiril"]
[Result "1/2-1/2"]
[WhiteTitle "GM"]
[BlackTitle "GM"]
[WhiteElo "2689"]
[BlackElo "2623"]
[WhiteFideId "14109182"]
[BlackFideId "2900017"]
[EventDate "2017.12.26"]

1. e4 e5 2. Nf3 Nc6 3. Bc4 Bc5 4. O-O Nf6 5. d3 O-O 6. c3 d6 7. a4 a5 8. Bg5 h6
9. Bh4 Be6 10. Nbd2 Qe7 11. Re1 Bxc4 12. Nxc4 Qe6 13. b3 Ba7 14. d4 exd4 15.
cxd4 Nb4 16. d5 Qe7 17. Qd2 Bc5 18. Re2 c6 19. e5 dxe5 20. Rxe5 Qd8 21. dxc6
Qxd2 22. Ncxd2 b6 23. Bxf6 gxf6 24. Rf5 Rac8 25. Ne4 Rxc6 26. Nxf6+ Kg7 27. Nd7
Re8 28. Nfe5 Bd4 29. Rd1 Bxe5 30. Nxe5 Rc5 31. f4 Re7 32. Rd6 Nc2 33. Kf2 b5 34.
Rdf6 Rcc7 35. axb5 Nd4 36. Rxf7+ Rxf7 37. Rxf7+ Rxf7 38. Nxf7 Nxb5 39. Ne5 Nd4
40. Ke3 Nxb3 41. Kd3 Kf6 42. g4 Nc5+ 43. Ke3 a4 44. Nc4 Ne6 45. h4 Nc7 46. Ke4
Nb5 47. g5+ hxg5 48. hxg5+ Kg6 49. Ke5 a3 50. Nxa3 Nxa3 51. f5+ Kxg5 52. f6 Kg6
53. Ke6 Nb5 54. f7 Nc7+ 55. Ke7 Nd5+ 56. Kf8 Nf6 57. Ke7 1/2-1/2

[Event "World Rapid 2017"]
[Site "Riyadh KSA"]
[Date "2017.12.27"]
[Round "7.31"]
[White "Socko, Bartosz"]
[Black "Ponomariov, Ruslan"]
[Result "1/2-1/2"]
[WhiteTitle "GM"]
[BlackTitle "GM"]
[WhiteElo "2593"]
[BlackElo "2694"]
[WhiteFideId "1107038"]
[BlackFideId "14103320"]
[EventDate "2017.12.26"]

1. d4 Nf6 2. c4 e6 3. g3 Bb4+ 4. Bd2 Be7 5. Bg2 d5 6. Nf3 c6 7. Qc2 Nbd7 8. O-O
b6 9. a4 Ba6 10. b3 O-O 11. a5 c5 12. Rd1 Qc8 13. Bg5 h6 14. Bxf6 Nxf6 15. Nbd2
Rd8 16. e3 b5 17. Ne5 Qc7 18. cxd5 exd5 19. b4 c4 20. Nd3 Bb7 21. Nc5 Bxc5 22.
dxc5 d4 23. exd4 Rxd4 24. Nf3 Rxd1+ 25. Rxd1 Re8 26. Qf5 Be4 27. Qf4 Qxf4 28.
gxf4 Nd5 29. Nd4 Bxg2 30. Kxg2 Nxb4 31. Rb1 Nd3 32. Rxb5 a6 33. Rb6 Nxc5 34. Rc6
Nd3 35. Rxa6 Nxf4+ 36. Kf3 Nd3 37. Ra7 c3 38. Rc7 Ra8 39. Rxc3 Ne5+ 40. Ke4 Rxa5
41. Nb3 Rb5 42. Nd4 Ra5 43. Nb3 Rb5 44. Nd4 Ra5 1/2-1/2

[Event "World Rapid 2017"]
[Site "Riyadh KSA"]
[Date "2017.12.27"]
[Round "7.32"]
[White "Sjugirov, Sanan"]
[Black "Vallejo Pons, Francisco"]
[Result "1-0"]
[WhiteTitle "GM"]
[BlackTitle "GM"]
[WhiteElo "2650"]
[BlackElo "2707"]
[WhiteFideId "4189302"]
[BlackFideId "2205530"]
[EventDate "2017.12.26"]

1. Nf3 d5 2. g3 Nd7 3. d4 b5 4. e3 Rb8 5. Bg2 e6 6. O-O Ngf6 7. b3 c5 8. c4 bxc4
9. bxc4 Ba6 10. Na3 dxc4 11. Ne5 Qc8 12. Naxc4 Rb4 13. Ba3 Rxc4 14. Nxc4 Bxc4
15. Re1 Qa6 16. Rc1 Be7 17. Bxc5 Nxc5 18. dxc5 O-O 19. Qd4 Bb5 20. c6 Rc8 21.
Red1 Bxc6 22. Bxc6 Rxc6 23. Qd8+ Bf8 24. Rxc6 Qxc6 25. Qb8 Qa4 26. Rd8 Qa3 27.
Rc8 a5 28. Qc7 a4 29. Ra8 h6 30. Ra7 Kh7 31. Qxf7 Kh8 32. Qxe6 Qc1+ 33. Kg2 a3
34. Ra8 Qc5 35. e4 Kh7 36. e5 Nd5 37. Rc8 Qd4 38. Qf5+ 1-0

[Event "World Rapid 2017"]
[Site "Riyadh KSA"]
[Date "2017.12.27"]
[Round "7.33"]
[White "Short, Nigel D"]
[Black "Howell, David W L"]
[Result "1-0"]
[WhiteTitle "GM"]
[BlackTitle "GM"]
[WhiteElo "2678"]
[BlackElo "2676"]
[WhiteFideId "400025"]
[BlackFideId "410608"]
[EventDate "2017.12.26"]

1. b3 e5 2. Bb2 Nc6 3. e3 d5 4. Bb5 Bd6 5. Nf3 Qe7 6. d4 e4 7. Ne5 Qg5 8. Kf1
Ne7 9. h4 Qf6 10. c4 O-O 11. Bxc6 bxc6 12. c5 Nf5 13. Kg1 Be7 14. h5 Qe6 15. Ng4
Bg5 16. Nc3 Ng3 17. fxg3 Qxg4 18. Qe1 Re8 19. Bc1 Ba6 20. Rh3 Re6 21. Qd1 Qxd1+
22. Nxd1 Be2 23. Nf2 f5 24. Rh1 Rh6 25. Nh3 Rxh5 26. Nxg5 Rxg5 27. Bd2 a5 28.
Kf2 Bd3 29. a4 Rg6 30. Ra3 Rf6 31. b4 axb4 32. Bxb4 Rff8 33. a5 Rab8 34. Bc3 Ba6
35. Ra2 Rb3 36. Rc1 Rfb8 37. Rcc2 Rb1 38. g4 fxg4 39. Kg3 h5 40. Rab2 R1xb2 41.
Rxb2 Rf8 42. Kh4 g6 43. Be1 Bb5 44. Bg3 Rf7 45. Rf2 Rxf2 46. Bxf2 Kf7 47. Kg5
Ba6 48. Bg3 Bb5 49. Bxc7 Ba6 50. g3 1-0

[Event "World Rapid 2017"]
[Site "Riyadh KSA"]
[Date "2017.12.27"]
[Round "7.34"]
[White "Rakhmanov, Aleksandr"]
[Black "Malakhov, Vladimir"]
[Result "1/2-1/2"]
[WhiteTitle "GM"]
[BlackTitle "GM"]
[WhiteElo "2653"]
[BlackElo "2686"]
[WhiteFideId "4173708"]
[BlackFideId "4120787"]
[EventDate "2017.12.26"]

1. c4 Nf6 2. d4 c6 3. Nc3 d5 4. cxd5 cxd5 5. Bf4 Nc6 6. e3 a6 7. Be2 e6 8. Nf3
Be7 9. Rc1 O-O 10. Bd3 Nh5 11. Be5 f6 12. Bg3 f5 13. Be5 Nf6 14. Bg3 Ne4 15. a3
Bd7 16. Bxe4 fxe4 17. Ne5 Nxe5 18. Bxe5 Bf6 19. Bg3 Qb6 20. Qe2 Rac8 21. O-O Qb3
22. h3 Rc6 23. f3 exf3 24. Rxf3 Qb6 25. Rcf1 Rcc8 26. Qf2 Rf7 27. Be5 Rcf8 28.
Rf4 Be8 29. Bxf6 Rxf6 30. Rxf6 Rxf6 31. Qd2 Rxf1+ 32. Kxf1 Bg6 33. Kg1 h6 34.
Ne2 Be4 35. Qc3 Kh7 36. Nf4 g5 37. Nh5 Qd8 38. Qc5 Bg6 39. Ng3 h5 40. Qb4 Qc7
41. Nf1 Kg7 42. Nd2 g4 43. hxg4 hxg4 44. Nf1 Bd3 45. Nh2 Qc1+ 46. Kf2 Qc2+ 47.
Kg3 Qc7+ 48. Kxg4 Bf5+ 49. Kf3 Be4+ 50. Kg4 Bf5+ 51. Kf3 Qxh2 52. Qe7+ Kh6 53.
Qf6+ Kh7 1/2-1/2

[Event "World Rapid 2017"]
[Site "Riyadh KSA"]
[Date "2017.12.27"]
[Round "7.35"]
[White "Melkumyan, Hrant"]
[Black "Eljanov, Pavel"]
[Result "1/2-1/2"]
[WhiteTitle "GM"]
[BlackTitle "GM"]
[WhiteElo "2633"]
[BlackElo "2711"]
[WhiteFideId "13302485"]
[BlackFideId "14102951"]
[EventDate "2017.12.26"]

1. d4 d5 2. c4 c6 3. Nf3 Nf6 4. Nc3 a6 5. g3 dxc4 6. Ne5 b5 7. Bg2 Bb7 8. O-O e6
9. b3 cxb3 10. Qxb3 Be7 11. Rd1 O-O 12. Bg5 Ra7 13. Rac1 a5 14. e3 a4 15. Qc2
Na6 16. Bxf6 gxf6 17. Nxc6 Bxc6 18. Bxc6 Nb4 19. Qe4 f5 20. Qf3 Nxc6 21. Qxc6 b4
22. Nxa4 Qa8 23. Nb6 Qxc6 24. Rxc6 Rxa2 25. Nc8 Bf6 26. Rb1 f4 27. Rxb4 fxe3 28.
fxe3 Rd8 29. Rb3 Re2 30. h4 Rd5 31. Rc1 Ra5 32. Rf1 Raa2 33. Rxf6 Rg2+ 34. Kf1
Rh2 35. Kg1 Rag2+ 36. Kf1 Rc2 37. Kg1 Rhg2+ 38. Kf1 Rh2 39. Kg1 Rhg2+ 40. Kf1
Rh2 41. Kg1 1/2-1/2

[Event "World Rapid 2017"]
[Site "Riyadh KSA"]
[Date "2017.12.27"]
[Round "7.36"]
[White "Miton, Kamil"]
[Black "Nguyen, Ngoc Truong Son"]
[Result "1/2-1/2"]
[WhiteTitle "GM"]
[BlackTitle "GM"]
[WhiteElo "2584"]
[BlackElo "2630"]
[WhiteFideId "1111914"]
[BlackFideId "12401110"]
[EventDate "2017.12.26"]

1. e4 e5 2. Nf3 Nf6 3. Nc3 Nc6 4. Bb5 Bb4 5. O-O O-O 6. d3 Bxc3 7. bxc3 d6 8.
Bg5 Ne7 9. Nh4 c6 10. Bc4 d5 11. Bb3 Qd6 12. Qf3 a5 13. a4 dxe4 14. dxe4 Bg4 15.
Qg3 Be2 16. Rfe1 Nxe4 17. Qe3 Nxg5 18. Qxg5 Ba6 19. Rxe5 Ng6 20. Nxg6 hxg6 21.
Rae1 Rad8 22. h4 Qf6 23. Re7 Qxg5 24. hxg5 c5 25. Rc7 c4 26. Bxc4 Bxc4 27. Rxc4
Rd5 28. Rb1 Rb8 29. Rc7 Rxg5 30. c4 Rd8 31. Rcxb7 Rc5 32. Rb8 Rxb8 33. Rxb8+ Kh7
34. Rb5 Rxc4 35. Rxa5 Rxc2 36. Ra7 1/2-1/2

[Event "World Rapid 2017"]
[Site "Riyadh KSA"]
[Date "2017.12.27"]
[Round "7.37"]
[White "Naiditsch, Arkadij"]
[Black "Artemiev, Vladislav"]
[Result "0-1"]
[WhiteTitle "GM"]
[BlackTitle "GM"]
[WhiteElo "2705"]
[BlackElo "2691"]
[WhiteFideId "4650891"]
[BlackFideId "24101605"]
[EventDate "2017.12.26"]

1. e4 c5 2. Nf3 e6 3. d4 cxd4 4. Nxd4 a6 5. c4 Nf6 6. Nc3 Qc7 7. Be2 Bb4 8. O-O
O-O 9. Qd3 d6 10. Bd2 Nc6 11. Nb3 b6 12. Rac1 Bc5 13. Bg5 Bb7 14. Qg3 Kh8 15.
Rfd1 Ne5 16. Nxc5 bxc5 17. f4 Ng6 18. Bf3 Ng8 19. Bh5 h6 20. Qh3 Kh7 21. Rf1 f5
22. exf5 exf5 23. Rce1 Qf7 24. Re3 Qxc4 25. Rfe1 Nxf4 26. Bxf4 Qxf4 27. Ne2 Qb4
28. Rf1 Be4 29. Nf4 Rf6 30. g4 fxg4 31. Qxg4 Raf8 32. Rf2 Qd4 33. Qg3 d5 34. h4
Ne7 0-1

[Event "World Rapid 2017"]
[Site "Riyadh KSA"]
[Date "2017.12.27"]
[Round "7.38"]
[White "Bocharov, Dmitry"]
[Black "Ganguly, Surya Shekhar"]
[Result "1-0"]
[WhiteTitle "GM"]
[BlackTitle "GM"]
[WhiteElo "2583"]
[BlackElo "2650"]
[WhiteFideId "4138716"]
[BlackFideId "5002150"]
[EventDate "2017.12.26"]

1. c4 e5 2. d3 Nf6 3. Nf3 Nc6 4. a3 g6 5. b4 d6 6. Bb2 Bg7 7. g3 O-O 8. Bg2 h6
9. O-O Be6 10. Nc3 Qd7 11. Rc1 Bh3 12. e4 Nh5 13. Nd5 Bxg2 14. Kxg2 f5 15. Nh4
f4 16. Nxg6 f3+ 17. Kh1 Qh3 18. Nh4 Rf7 19. Ne3 Raf8 20. Nef5 Rxf5 21. exf5 Rxf5
22. Nxf3 e4 23. Ng1 Nxg3+ 24. fxg3 Qxf1 25. Qxf1 Rxf1 26. Rxf1 Bxb2 27. dxe4
Bxa3 28. b5 Ne5 29. Nf3 Nxc4 30. Nd4 Nd2 31. Rf4 a5 32. Ne6 Bb4 33. Nxc7 Nc4 34.
Ne6 a4 35. Rf8+ Kh7 36. Rf7+ Kg8 37. Rxb7 a3 38. Rg7+ Kh8 39. Ra7 Ba5 40. Nd4
Bb6 41. Ra8+ Kg7 42. Nc2 Bc5 43. Nxa3 1-0

[Event "World Rapid 2017"]
[Site "Riyadh KSA"]
[Date "2017.12.27"]
[Round "7.39"]
[White "Akobian, Varuzhan"]
[Black "Duda, Jan-Krzysztof"]
[Result "0-1"]
[WhiteTitle "GM"]
[BlackTitle "GM"]
[WhiteElo "2647"]
[BlackElo "2717"]
[WhiteFideId "13300580"]
[BlackFideId "1170546"]
[EventDate "2017.12.26"]

1. Nf3 Nf6 2. c4 g6 3. Nc3 d5 4. cxd5 Nxd5 5. h4 Bg7 6. h5 Nc6 7. h6 Bf6 8. Ne4
Bg4 9. e3 O-O 10. Nxf6+ exf6 11. Be2 Re8 12. O-O Qe7 13. d4 Rad8 14. Bd2 Nf4 15.
Bb5 Nxg2 16. Kxg2 Qe4 17. Kg3 Rd5 18. Bd3 Qxd3 19. Kxg4 Rh5 20. Kg3 Qf5 21. Rh1
Re4 22. Kg2 Rg4+ 0-1

[Event "World Rapid 2017"]
[Site "Riyadh KSA"]
[Date "2017.12.27"]
[Round "7.40"]
[White "Vidit, Santosh Gujrathi"]
[Black "Moiseenko, Alexander"]
[Result "1/2-1/2"]
[WhiteTitle "GM"]
[BlackTitle "GM"]
[WhiteElo "2715"]
[BlackElo "2667"]
[WhiteFideId "5029465"]
[BlackFideId "14102560"]
[EventDate "2017.12.26"]

1. d4 Nf6 2. c4 e6 3. Nf3 Bb4+ 4. Bd2 c5 5. Bxb4 cxb4 6. g3 O-O 7. Bg2 d6 8. O-O
Nc6 9. a3 Re8 10. axb4 Nxb4 11. Nc3 Bd7 12. Qb3 a5 13. Ne1 Bc6 14. Nd3 Bxg2 15.
Kxg2 Nxd3 16. exd3 b6 17. Nb5 Qd7 18. Qa3 Qc6+ 19. f3 Red8 20. Rfe1 h6 21. Qa4
d5 22. Rac1 dxc4 23. Rxc4 Qe8 24. f4 Qd7 25. Rc7 Qd5+ 26. Kg1 Rac8 27. Qc2 Rxc7
28. Qxc7 Rd7 29. Qc4 Kh7 30. b3 Ng4 31. h3 Nf6 32. Kf2 h5 33. Qxd5 Nxd5 34. Rc1
Nb4 35. Ke3 Nd5+ 36. Kf3 Kg6 37. Rc6 Kf6 38. Nd6 Ke7 39. Nc8+ Kf6 40. Nxb6 Nxb6
41. Rxb6 Rxd4 42. Ke3 Rd5 43. b4 axb4 44. Rxb4 g5 45. g4 hxg4 46. hxg4 Kg6 47.
fxg5 Kxg5 48. Rb7 Kg6 49. d4 Ra5 50. Rd7 Ra1 51. d5 1/2-1/2

[Event "World Rapid 2017"]
[Site "Riyadh KSA"]
[Date "2017.12.27"]
[Round "7.41"]
[White "Kokarev, Dmitry"]
[Black "Andriasian, Zaven"]
[Result "1-0"]
[WhiteTitle "GM"]
[BlackTitle "GM"]
[WhiteElo "2615"]
[BlackElo "2585"]
[WhiteFideId "4132181"]
[BlackFideId "13302000"]
[EventDate "2017.12.26"]

1. e4 c5 2. Nf3 d6 3. d4 cxd4 4. Nxd4 Nf6 5. f3 e5 6. Nb3 Be7 7. c4 a5 8. Be3 a4
9. Nc1 O-O 10. Nc3 Qa5 11. Qd2 Nc6 12. Rb1 Be6 13. b4 axb3 14. Nxb3 Qd8 15. Be2
Nd7 16. O-O h6 17. Rfd1 Qb8 18. Nd5 Bd8 19. c5 dxc5 20. Nxc5 Nxc5 21. Bxc5 Bg5
22. Qb2 Rd8 23. Bc4 Na5 24. Bf1 Nc6 25. a3 Nd4 26. Bb6 Bxd5 27. Bxd8 Qxd8 28.
exd5 Be3+ 29. Kh1 Qh4 30. g3 Qf6 31. Rd3 Qxf3+ 32. Bg2 Qf2 33. Qxf2 Bxf2 34. Rf1 1-0

[Event "World Rapid 2017"]
[Site "Riyadh KSA"]
[Date "2017.12.27"]
[Round "7.42"]
[White "Kovalev, Vladislav"]
[Black "Demchenko, Anton"]
[Result "1/2-1/2"]
[WhiteTitle "GM"]
[BlackTitle "GM"]
[WhiteElo "2639"]
[BlackElo "2660"]
[WhiteFideId "13504398"]
[BlackFideId "4160258"]
[EventDate "2017.12.26"]

1. e4 e5 2. Nf3 Nc6 3. Bc4 Nf6 4. Ng5 d5 5. exd5 Na5 6. Bb5+ c6 7. dxc6 bxc6 8.
Bd3 Nd5 9. Nf3 Bd6 10. O-O O-O 11. Re1 f5 12. Nxe5 Qf6 13. Nf3 g5 14. g3 f4 15.
Nc3 fxg3 16. hxg3 Nxc3 17. dxc3 Bg4 18. Bxg5 Qxf3 19. Qxf3 Bxf3 20. Re6 Nb7 21.
Rae1 Bd5 22. Rh6 Rf7 23. b4 Bf8 24. Rh4 Bxa2 25. c4 a5 26. bxa5 Rxa5 27. Bd2 Ra3
28. Re8 Nd6 29. Rd8 Nf5 30. Bxf5 Rxf5 31. Rg4+ Kf7 32. Rxf8+ Kxf8 33. Bb4+ Kf7
34. Bxa3 Bb1 35. Bb2 h5 36. Rg7+ Ke6 37. Rg6+ Kd7 38. Bd4 c5 39. Be3 Bxc2 40.
Rg7+ Kc6 41. Rg6+ Kd7 42. Rg7+ Kc6 43. Rg6+ Kd7 44. Bf4 Bb3 45. Rd6+ Ke7 46. Rc6
Bxc4 47. Be3 Kd7 48. Rxc5 Rxc5 49. Bxc5 Ke6 50. Kh2 Kf5 51. Kh3 Be2 52. Kh4 Bf3 1/2-1/2

[Event "World Rapid 2017"]
[Site "Riyadh KSA"]
[Date "2017.12.27"]
[Round "7.43"]
[White "Mchedlishvili, Mikheil"]
[Black "Salgado Lopez, Ivan"]
[Result "1-0"]
[WhiteTitle "GM"]
[BlackTitle "GM"]
[WhiteElo "2603"]
[BlackElo "2644"]
[WhiteFideId "13600966"]
[BlackFideId "2257327"]
[EventDate "2017.12.26"]

1. d4 d5 2. c4 e6 3. Nc3 Nf6 4. cxd5 exd5 5. Bg5 c6 6. Qc2 Bd6 7. e3 O-O 8. Bd3
h6 9. Bh4 Re8 10. Nf3 Be6 11. Ne5 c5 12. O-O cxd4 13. exd4 Nc6 14. Nxc6 bxc6 15.
Bg3 Bxg3 16. hxg3 Ng4 17. Be2 Qg5 18. Qc1 Qg6 19. Bxg4 Bxg4 20. Qd2 Re6 21. Rfe1
Rae8 22. Rxe6 Qxe6 23. f3 Bf5 24. Kf2 Qd6 25. Na4 Bg6 26. Re1 Rxe1 27. Qxe1 h5
28. Nc5 Kh7 29. a3 Qd8 30. Qe3 Qb6 31. b4 Qd8 32. Qe5 Qc8 33. Kg1 Qd8 34. Kh2
Qb6 35. Qe7 a5 36. bxa5 Qxa5 37. Nd7 Qd2 38. Nf8+ Kg8 39. Qe8 Bf5 40. Ne6+ Kh7
41. Nf8+ Kg8 42. Ng6+ Kh7 43. Ne7 Bb1 44. Qxf7 Qg5 45. Qg8+ Kh6 46. Qe6+ Kh7 47.
Qg8+ Kh6 48. Nxc6 h4 49. Qe6+ Kh7 50. Qh3 1-0

[Event "World Rapid 2017"]
[Site "Riyadh KSA"]
[Date "2017.12.27"]
[Round "7.45"]
[White "Anton Guijarro, David"]
[Black "Grigoriants, Sergey"]
[Result "1-0"]
[WhiteTitle "GM"]
[BlackTitle "GM"]
[WhiteElo "2666"]
[BlackElo "2561"]
[WhiteFideId "2285525"]
[BlackFideId "4130804"]
[EventDate "2017.12.26"]

1. Nf3 Nf6 2. c4 e6 3. g3 d5 4. Bg2 Be7 5. O-O O-O 6. b3 b6 7. cxd5 Nxd5 8. d4
Bb7 9. Bb2 Nd7 10. Re1 c5 11. e4 N5f6 12. Nc3 cxd4 13. Nxd4 Ne5 14. f4 Ng6 15.
f5 Ne5 16. fxe6 Bc5 17. Na4 Bb4 18. Rf1 Ba6 19. Rf5 Nd3 20. Nc6 Nxb2 21. exf7+
Rxf7 22. Qxd8+ Rxd8 23. Nxb2 Bc5+ 24. Rxc5 Rd2 25. Re5 Rxb2 26. Rd1 Rc7 27. Re6
Be2 28. Rc1 Kf8 29. Rd6 Rc8 30. e5 Ne8 31. Rd4 g5 32. h4 Bb5 33. Be4 gxh4 34.
gxh4 Re2 35. Rf1+ Kg7 36. Ne7 Rc5 37. Nf5+ Kg8 38. Bd5+ Kh8 39. Nd6 Nxd6 40.
exd6 Re8 41. Rf2 Rd8 42. Be6 Re5 43. Bh3 Bd7 44. Bg2 Kg7 45. Kh2 Be6 46. Rc2 Rc5
47. Re2 Kf6 48. Rf4+ Bf5 49. Ref2 Rxd6 50. Be4 Rdd5 51. Bxd5 Rxd5 52. Rc4 h5 53.
Rc7 Rd4 54. Rxa7 Rxh4+ 55. Kg1 Rg4+ 56. Rg2 Rd4 57. Rc7 Rd6 58. Rc4 Bg4 59. Rgc2
Kg5 60. Rc6 Rd1+ 61. Kf2 Bf5 62. Re2 Bg4 63. Rec2 Bf5 64. Re2 Bg4 65. Rb2 h4 66.
Rxb6 h3 67. Kg3 Rd3+ 68. Kh2 Rf3 69. Rb8 Bf5 70. b4 Rf1 71. Rg8+ Kf4 72. Rf8 1-0

[Event "World Rapid 2017"]
[Site "Riyadh KSA"]
[Date "2017.12.27"]
[Round "7.46"]
[White "Meier, Georg"]
[Black "Tregubov, Pavel V."]
[Result "1-0"]
[WhiteTitle "GM"]
[BlackTitle "GM"]
[WhiteElo "2650"]
[BlackElo "2575"]
[WhiteFideId "4675789"]
[BlackFideId "4115341"]
[EventDate "2017.12.26"]

1. Nf3 c5 2. b3 Nc6 3. Bb2 d6 4. d4 cxd4 5. Nxd4 e5 6. Nxc6 bxc6 7. g3 Nf6 8.
Bg2 Qc7 9. c4 Be7 10. Nc3 O-O 11. Rc1 Bb7 12. O-O Rad8 13. Rc2 Qa5 14. Qd2 Kh8
15. Na4 Qc7 16. Bc3 Qb8 17. Ba5 Rc8 18. Bh3 Rce8 19. Rd1 c5 20. Nc3 Bd8 21. Bxd8
Rxd8 22. Qe3 a6 23. Rcd2 Qc7 24. Bf5 Rfe8 25. f3 e4 26. Bxe4 Nxe4 27. fxe4 Re6
28. e5 Qc6 29. Qf3 Qd7 30. e4 Qe7 31. Rxd6 Rdxd6 32. exd6 Qd7 33. Qf5 g6 34.
Qxc5 Bc6 35. b4 Kg8 36. b5 axb5 37. cxb5 Ba8 38. Qc7 1-0

[Event "World Rapid 2017"]
[Site "Riyadh KSA"]
[Date "2017.12.27"]
[Round "7.47"]
[White "Volokitin, Andrei"]
[Black "Malakhatko, Vadim"]
[Result "1/2-1/2"]
[WhiteTitle "GM"]
[BlackTitle "GM"]
[WhiteElo "2628"]
[BlackElo "2542"]
[WhiteFideId "14107090"]
[BlackFideId "14104202"]
[EventDate "2017.12.26"]

1. e4 c5 2. Nf3 e6 3. d4 cxd4 4. Nxd4 Nc6 5. Nc3 Qc7 6. Be3 a6 7. Qd2 Nf6 8. f4
Bb4 9. Bd3 Ng4 10. Bg1 O-O 11. Nde2 d6 12. a3 Ba5 13. h3 Nf6 14. b4 Bb6 15. Bxb6
Qxb6 16. Na4 Qa7 17. Nb2 Rd8 18. Nd1 e5 19. Qe3 exf4 20. Qxa7 Rxa7 21. Nxf4 Re8
22. Nc3 g5 23. Nfd5 Nxd5 24. Nxd5 Kg7 25. Nb6 a5 26. b5 Ne5 27. O-O-O Be6 28.
Be2 Nd7 29. Nxd7 Bxd7 30. Rxd6 Be6 31. Rhd1 Raa8 32. R1d4 Kf6 33. Rb6 Ke5 34. c3
Rac8 35. Kd2 Rc7 36. Bg4 Rec8 37. Bxe6 fxe6 38. Rd3 Rf8 39. Ke2 Rf4 40. Re3 Re7
41. Kd3 Rd7+ 42. Kc4 Re7 43. Kb3 Rxe4 44. Rxe4+ Kxe4 45. Rd6 e5 46. c4 Kf4 47.
Ka4 e4 48. Kxa5 e3 49. Rd1 Re6 50. c5 e2 51. Re1 Ke3 52. c6 bxc6 53. b6 Re5+ 54.
Ka6 Rb5 55. a4 Rb4 56. a5 c5 57. Kb7 c4 58. a6 c3 59. a7 Ra4 60. a8=Q Rxa8 61.
Kxa8 Kd2 62. b7 Kxe1 63. b8=Q c2 64. Qg3+ Kf1 65. Qf3+ Ke1 66. Qc3+ Kf1 67. Qf3+
Ke1 68. Qe3 Kf1 69. Qf3+ Ke1 70. Qc3+ Kf1 71. Qf6+ Kg1 72. Qd4+ Kf1 73. Qf6+ Kg1
74. Qd4+ 1/2-1/2

[Event "World Rapid 2017"]
[Site "Riyadh KSA"]
[Date "2017.12.27"]
[Round "7.48"]
[White "Sanal, Vahap"]
[Black "Potkin, Vladimir"]
[Result "0-1"]
[WhiteTitle "GM"]
[BlackTitle "GM"]
[WhiteElo "2551"]
[BlackElo "2574"]
[WhiteFideId "6300545"]
[BlackFideId "4131061"]
[EventDate "2017.12.26"]

1. e4 c5 2. Nf3 e6 3. d4 cxd4 4. Nxd4 Nc6 5. Nc3 Qc7 6. g3 a6 7. Bg2 d6 8. O-O
Be7 9. Be3 Nf6 10. f4 O-O 11. Nb3 b5 12. g4 b4 13. Na4 Nd7 14. g5 Re8 15. Qh5 g6
16. Qh4 Bf8 17. Rf3 Bg7 18. Rh3 Nf8 19. Nb6 Rb8 20. Nxc8 Rbxc8 21. Rf1 Ne7 22.
Qe1 Qxc2 23. Qxb4 Qxb2 24. Qa4 d5 25. e5 Nf5 26. Bc5 h6 27. gxh6 Bxh6 28. Nd4
Bg7 29. Rb3 Qd2 30. Nxf5 gxf5 31. Bf3 Ng6 32. Be3 Qc2 33. Rc1 Qxc1+ 34. Bxc1
Rxc1+ 35. Kf2 Rec8 36. Rb7 R1c2+ 37. Ke1 Rxh2 38. Kd1 Nf8 39. Be2 Bh6 40. Ra7
Rh1+ 41. Kd2 Rh4 42. Qxa6 Bxf4+ 43. Ke1 Rc1+ 44. Kf2 Rh2+ 45. Kf3 Ng6 46. Qa5
Rc3+ 0-1

[Event "World Rapid 2017"]
[Site "Riyadh KSA"]
[Date "2017.12.27"]
[Round "7.49"]
[White "Almasi, Zoltan"]
[Black "Dobrov, Vladimir"]
[Result "1-0"]
[WhiteTitle "GM"]
[BlackTitle "GM"]
[WhiteElo "2682"]
[BlackElo "2515"]
[WhiteFideId "702293"]
[BlackFideId "4136594"]
[EventDate "2017.12.26"]

1. e4 c5 2. Nf3 Nc6 3. d4 cxd4 4. Nxd4 Qb6 5. Be3 Qxb2 6. Nb3 Qe5 7. Bd3 g5 8.
O-O Bg7 9. N1d2 Qc7 10. Rc1 Nf6 11. Bxg5 h5 12. f4 b6 13. c4 d6 14. Nb1 Ng4 15.
Qe1 Bb7 16. h3 Nd4 17. N1d2 Nxb3 18. Nxb3 Nf6 19. e5 dxe5 20. fxe5 Nh7 21. Bf4
Rd8 22. Qe2 Qc6 23. Rf2 Nf8 24. c5 Rxd3 25. Qxd3 Ne6 26. Be3 Qa4 27. cxb6 axb6
28. Bxb6 Bxe5 29. Na5 Qe4 30. Qb5+ Kf8 31. Nxb7 Bg3 32. Rf3 Bf4 1-0

[Event "World Rapid 2017"]
[Site "Riyadh KSA"]
[Date "2017.12.27"]
[Round "7.50"]
[White "Sethuraman, S.P."]
[Black "Dzhumagaliev, Yan"]
[Result "0-1"]
[WhiteTitle "GM"]
[BlackTitle "FM"]
[WhiteElo "2646"]
[BlackElo "2400"]
[WhiteFideId "5021596"]
[BlackFideId "24100110"]
[EventDate "2017.12.26"]

1. e4 c5 2. Nf3 e6 3. d4 cxd4 4. Nxd4 a6 5. Bd3 Qc7 6. O-O b5 7. a4 b4 8. c3 Nf6
9. Qe2 Bb7 10. Bd2 Nc6 11. Nf3 Ng4 12. h3 h5 13. Be3 Nxe3 14. Qxe3 Ne5 15. Nxe5
Qxe5 16. Nd2 Bc5 17. Qe2 bxc3 18. bxc3 O-O 19. Nf3 Qf4 20. Rab1 Rab8 21. a5 h4
22. Rfe1 Bc6 23. Rxb8 Rxb8 24. Bxa6 Ra8 25. Bb5 Rxa5 26. Bxc6 dxc6 27. Qc2 Bd6
28. Rd1 g5 29. Qd3 Bc7 30. Qd4 Ra2 31. e5 Qxd4 32. cxd4 Bd8 33. Rc1 Ra6 34. Kf1
Kg7 35. Ke2 Kg6 36. Rc3 Be7 37. Ke3 Rb6 38. Ke4 Rb2 39. Rxc6 Re2+ 40. Kd3 Rxf2
41. d5 Rxg2 42. d6 Bd8 43. Rc8 Bb6 44. Rg8+ Kh6 45. d7 Rg3 46. Ke4 Rxh3 47. Nxg5
Re3+ 48. Kf4 Rd3 49. Nxf7+ Kh7 50. Rb8 Be3+ 51. Ke4 Rxd7 52. Nd8 Ba7 53. Rc8 h3
54. Nxe6 h2 55. Nf8+ Kg7 56. Ne6+ Kh6 57. Rh8+ Rh7 0-1